000 00390nam a22001457a 4500
003 MACL
005 20180310132112.0
008 180310b xxu||||| |||| 00| 0 eng d
040 _cMACL
100 _aGoel,Sita Ram
_968875
245 _aPseudo-Secularism Christian Missions And Hindu Resistance
260 _aNew Delhi
_bVoice Of India
_c2016
650 _aRELIGION
_971203
942 _2ddc
_cBK
999 _c57382
_d57382